000 00598cam a22002293a 4500
001 14314
003 PGUSA
005 20140828083315.0
008 041210s2004||||xxu|||||s|||||000 | eng d
040 _aPGUSA
_beng
042 _adc
050 4 _aBJ
100 1 _aPost, Emily,
_d1873-1960
245 1 0 _aEtiquette
_h[electronic resource] /
_cEmily Post
260 _bProject Gutenberg,
_c2004
506 _aPublic domain in the USA.
516 _aElectronic text
653 _aEtiquette
830 0 _aProject Gutenberg
_v14314
856 4 0 _uhttp://www.gutenberg.org/ebooks/14314
942 _cEB
999 _c243569
_d243569